| 000 | 01025nam a2200313 a 4500 | ||
|---|---|---|---|
| 001 | 015591170 | ||
| 003 | OSt | ||
| 005 | 20140413113808.0 | ||
| 008 | 100603s2010 xxk frb 001 0 eng d | ||
| 020 | _a9781848133808 (pbk.) | ||
| 020 | _a1848133804 (pbk.) | ||
| 020 | _a9781848133815 (ebook) | ||
| 020 | _a1848133812 (ebook) | ||
| 020 | _a9781848133792 (hbk.) | ||
| 040 |
_aStDuBDS _beng _cStDuBDS _dUk |
||
| 082 | 0 | 4 |
_a338.90014 _222 _bDEV |
| 245 | 0 | 4 |
_aThe development dictionary : _ba guide to knowledge as power / _cedited by Wolfgang Sachs. |
| 250 | _a2nd ed. | ||
| 260 |
_aLondon ; _aNew York, United States : _bZed Books, _c2010. |
||
| 300 |
_axx, 332 p. ; _c22 cm. |
||
| 500 | _aIndex : p. 325-332. | ||
| 504 | _aIncludes bibliographical references. | ||
| 650 | 0 |
_aEconomic development _xTerminology _935908 |
|
| 650 | 0 |
_aEconomic development _xEvaluation _935909 |
|
| 653 |
_bBUSBOL _cApril2014 |
||
| 655 |
_vreading book _934232 |
||
| 700 | 1 |
_aSachs, Wolfgang _935911 _eeditor. |
|
| 942 |
_2ddc _k338.90014 DEV |
||
| 999 |
_c18220 _d18192 |
||